000
00196 a2200097 4500
020
_a
9686670521
041
_a
spa
100
_a
Hurtado mendoza,FRancisco
245
_a
La Divina Tzipan
942
_c
BK
999
_c
31743
_d
31741